| 000 | 00817cab a2200241 4500 | ||
|---|---|---|---|
| 001 | ABS38258 | ||
| 008 | 090401t1987 xxu||||| |||| 00| 0 eng d | ||
| 035 | _a(Sirsi) u9592 | ||
| 041 | _aeng | ||
| 100 | _aWilson, G. | ||
| 245 | 2 | _aA royal greenhouse | |
| 260 | _c1987 | ||
| 350 | _a0 | ||
| 490 |
_aArchitect _v95(10) October 1987, 26-28(3) |
||
| 520 | _aDescribes the energy efficiency design of the new Princess of Wales conservatory at the Royal Botanic Gardens , Kew , where windows have been sighted to achieve optimum growing conditions for the wide range of plant collections housed there. Photos. Plan. | ||
| 650 | _aCONSERVATORY | ||
| 650 | _aGREENHOUSES | ||
| 650 | _aKEW GARDENS | ||
| 650 | _aSOLAR ENERGY | ||
| 690 | _aBUILDING AND CONSTRUCTION-PROJECTS | ||
| 942 | _n0 | ||
| 948 | _c04/03/1997 | ||
| 999 |
_c6012 _d6012 |
||